000 00388nam a22001697a 4500
005 20160627094724.0
008 160627b xxu||||| |||| 00| 0 eng d
020 _a0-07-099210-X
041 _aeng
082 _b10344
100 _aAnderson, James and Tatro, Earl E
_92848
245 _aShop Theory
260 _bTMH
_c2002
300 _a536
650 _aManagement
_9241
942 _cBK
999 _c4117
_d4116